Licence To Kill (The James Bond 007 Original Motion Picture Soundtrack Album) (Record n. 100015)

Dettagli MARC
000 -LEADER
fixed length control field 02388njm a2200397Ia 4500
001 - CONTROL NUMBER
control field 82684
003 - CONTROL NUMBER IDENTIFIER
control field IT-RoPAU
005 - DATE AND TIME OF LATEST TRANSACTION
control field 20220918181124.0
008 - FIXED-LENGTH DATA ELEMENTS--GENERAL INFORMATION
fixed length control field 131025s9999 xx 000 0 und d
040 ## - CATALOGING SOURCE
Original cataloging agency IT-RoPAU
040 ## - CATALOGING SOURCE
Transcribing agency IT-RoPAU
999 ## - SYSTEM CONTROL NUMBERS (KOHA)
Koha Dewey Subclass [OBSOLETE] n.d.
100 ## - MAIN ENTRY--PERSONAL NAME
Personal name AA.VV.
9 (RLIN) 794
100 ## - MAIN ENTRY--PERSONAL NAME
Relator term Autore musica
9 (RLIN) 25976
100 ## - MAIN ENTRY--PERSONAL NAME
Miscellaneous information Codice autore musica SPICS: 12000
9 (RLIN) 796
245 ## - TITLE STATEMENT
Title Licence To Kill (The James Bond 007 Original Motion Picture Soundtrack Album)
250 ## - EDITION STATEMENT
Edition statement 1a ed.
260 ## - PUBLICATION, DISTRIBUTION, ETC. (IMPRINT)
Place of publication, distribution, etc. USA
260 ## - PUBLICATION, DISTRIBUTION, ETC. (IMPRINT)
Name of publisher, distributor, etc. MCA RECORDS
Date of publication, distribution, etc. 1989 [1a Ed.:1989]
300 ## - PHYSICAL DESCRIPTION
Extent DISCO
300 ## - PHYSICAL DESCRIPTION
Dimensions 46 minuti (Testo: 0 pag.)
500 ## - GENERAL NOTE
General note Colonna sonora di film interpretati da James Bond Agente 007. Musica da film.
505 ## - FORMATTED CONTENTS NOTE
Formatted contents note James & Felix On Their Way To Church (4:00) - His Funny Valentine (4:00) - Sanchez Is in the Bahamas/Shark Fishing (3:00) - Ninja (7:00) - Licence Revoked (8:00) - Licence To Kill [(dal film Licenza di Uccidere) (6:00)] - Wedding Party [(dal film Wedding Party) (4:00)] - Dirty Love [(dal Film Dirty Love) (4:00)] - Pam (4:00) - If You Asked To Me (4:00)
650 ## - SUBJECT ADDED ENTRY--TOPICAL TERM
Topical term or geographic name as entry element COLONNE SONORE [DISCHI]
Relator term Codice MATERIA SPICS: 9950
9 (RLIN) 1905
700 ## - ADDED ENTRY--PERSONAL NAME
Personal name Kamen Michael
Dates associated with a name Codice autore musica SPICS: 26930
Relator term Autore musica
Name of part/section of a work James & Felix On Their Way To Church - His Funny Valentine - Sanchez Is in the Bahamas/Shark Fishing - Ninja - Licence Revoked - Pam
9 (RLIN) 25978
700 ## - ADDED ENTRY--PERSONAL NAME
Personal name Norman Monty
Dates associated with a name Codice autore SPICS: 20368
Relator term Autore
Name of part/section of a work James & Felix On Their Way To Church - Sanchez Is in the Bahamas/Shark Fishing - Ninja - Licence Revoked - Pam
9 (RLIN) 25979
700 ## - ADDED ENTRY--PERSONAL NAME
Personal name Walden Narada Michael
Dates associated with a name Codice autore musica SPICS: 28661
Relator term Autore musica
Name of part/section of a work Licence To Kill
9 (RLIN) 25980
700 ## - ADDED ENTRY--PERSONAL NAME
Personal name Cohen Jeffrey
Dates associated with a name Codice autore SPICS: 20803
Relator term Autore
Name of part/section of a work Licence To Kill
9 (RLIN) 25981
700 ## - ADDED ENTRY--PERSONAL NAME
Personal name Afanasieff Walter
Dates associated with a name Codice autore testo/musica SPICS: 28662
Relator term Autore testo/musica
Name of part/section of a work Licence To Kill
9 (RLIN) 25982
700 ## - ADDED ENTRY--PERSONAL NAME
Personal name Duncan Jimmy
Dates associated with a name Codice autore musica SPICS: 28663
Relator term Autore musica
Name of part/section of a work Wedding Party
9 (RLIN) 25983
700 ## - ADDED ENTRY--PERSONAL NAME
Personal name Brennan Phillip
Dates associated with a name Codice autore SPICS: 28664
Relator term Autore
Name of part/section of a work Wedding Party
9 (RLIN) 25984
700 ## - ADDED ENTRY--PERSONAL NAME
Personal name Dubin Steve
Dates associated with a name Codice autore musica SPICS: 28665
Relator term Autore musica
Name of part/section of a work Dirty Love
9 (RLIN) 25985
700 ## - ADDED ENTRY--PERSONAL NAME
Personal name Pescetto Jeff
Dates associated with a name Codice autore SPICS: 28666
Relator term Autore
Name of part/section of a work Dirty Love
9 (RLIN) 25986
700 ## - ADDED ENTRY--PERSONAL NAME
Personal name Warren Dianne
Dates associated with a name Codice autore musica SPICS: 28388
Relator term Autore musica
Name of part/section of a work If You Asked To Me
9 (RLIN) 25987
942 ## - ADDED ENTRY ELEMENTS (KOHA)
Koha item type DISCHI
Source of classification or shelving scheme Dewey Decimal Classification
Dati di copia
Withdrawn status Lost status Damaged status Not for loan Home library Current library Date acquired Total Checkouts Full call number Date last seen Price effective from Koha item type Public note
    Buone Condizioni Not For Loan SPICS-MEDIATECA SPICS-MEDIATECA 25/10/2013   82684 25/10/2013 25/10/2013 DISCHI Progr. Ins.: 20819 / N.Vol.: 1 / Copie: 1 - Copia rara: n.d. / date import: 01.01.2014 - By Epidotti, Trombetti, Vaglietti
CREDITS: SOCIETA' SAN PAOLO Via A.Severo, 58 - ROMA (RM) & PERIODICI SAN PAOLO SRL Via Giotto, 36 MILANO & CISF Via Giotto, 36 MILANO & EDIZIONI SAN PAOLO SRL,  Piazza Soncino, 5 CINISELLO BALSAMO (MI) -- ITALY